Missing Word: NBC Dramas Quiz Stats

Quiz Updated Nov 6, 2014

Challenge
Share
Tweet
Embed
Score 0/15 Timer 04:00
1 Play Today
Show Missing Word % Correct
______ TrekStar
99%
Little ________ on the PrairieHouse
98.4%
______ ViceMiami
97.2%
The _______ WingWest
96.6%
Friday Night ________Lights
92.2%
Law and Order: Special ________ UnitVictims
91.8%
Knight _______Rider
89%
_______ and GeeksFreaks
87.7%
Show Missing Word % Correct
Quantum ______Leap
87.1%
Hill _______ BluesStreet
85.1%
St. _____________Elsewhere
72.9%
The _________ ShiftNight
71.2%
Buck ______ in the 25th CenturyRogers
70.5%
Crossing ________Jordan
66.7%
___________ FireChicago
64.3%

Today's Daily Dose

Word Ladder
KISS Hit

On This Day
January 22nd

You're not logged in!

Compare scores with friends on all Sporcle quizzes.
Sign Up with Email
OR
Log In

You Might Also Like...

Show Comments

Extras

Top Quizzes Today


Score Distribution

Your Account Isn't Verified!

In order to create a playlist on Sporcle, you need to verify the email address you used during registration. Go to your Sporcle Settings to finish the process.